000 00217nam a22000857a 4500
008 160630b xxu||||| |||| 00| 0 eng d
100 _91601
_a Gupta, P
245 _aThe Emperor's Nightingale
260 _aNew delhi
_bM/S Arya
999 _c1326
_d1326